Initially Yours: Television Quiz Stats

 Plays Quiz Updated Nov 13, 2016

Challenge
Share
Tweet
Embed
Score 0/60 Timer 09:00
10 Plays Today
% Correct
Kermit the Frog
90.4%
Miss Piggy
81.6%
Rachel Green
80.8%
Monica Geller
76.1%
Chandler Bing
75.9%
Bugs Bunny
75.5%
Joey Tribbiani
72.2%
SpongeBob SquarePants
70.4%
Daffy Duck
69.7%
Oscar the Grouch
65.3%
Big Bird
64.7%
Yosemite Sam
59.8%
Phoebe Buffay
56.7%
Eric Cartman
56.5%
Patrick Star
55.8%
Peter Griffin
55.6%
Wile E. Coyote
54.5%
James T. Kirk
54.5%
Fozzie Bear
49.6%
Krusty the Clown
48.8%
Dwight Schrute
44.5%
Jean-Luc Picard
43.1%
Michael Scott
42.7%
Cookie Monster
38.4%
Stan Marsh
36.7%
Glenn Quagmire
34.7%
Jim Halpert
32.9%
Jay Pritchett
32.9%
Claire Dunphy
31.2%
Milhouse Van Houten
29.7%
% Correct
Buffy Summers
29.4%
Cleveland Brown
29.4%
Count von Count
26.1%
Joe Quimby
24.4%
Sandy Cheeks
24.2%
Haley Dunphy
23.8%
The Swedish Chef
23.3%
Joe Swanson
22.3%
Kenny McCormick
21.3%
Eugene Krabs
20.6%
Cameron Tucker
20.5%
Kelly Kapoor
18.9%
Adam West
17.6%
Kyle Broflovski
17.5%
Manny Delgado
16.8%
Mr. Hankey
16.3%
Comic Book Guy
15.3%
Kathryn Janeway
15.2%
Angela Martin
14.9%
Xander Harris
14.4%
Mrs. Puff
14.3%
Willow Rosenberg
12.9%
Sam the Eagle
12.2%
Rupert Giles
11.1%
Cordelia Chase
10.8%
Speedy Gonzales
8.6%
Santa's Little Helper
8.1%
Benjamin Sisko
8.1%
Abby Cadabby
7.4%
Jonathan Archer
6.4%

You're not logged in!

Compare scores with friends on all Sporcle quizzes.
OR
Log In

You Might Also Like...

Show Comments

Extras

Top Quizzes Today


Score Distribution

Your Account Isn't Verified!

In order to create a playlist on Sporcle, you need to verify the email address you used during registration. Go to your Sporcle Settings to finish the process.

Report this User

Report this user for behavior that violates our Community Guidelines.

Details: